| 000 | 01599cam a22002054a 4500 | ||
|---|---|---|---|
| 005 | 20250605164139.0 | ||
| 008 | 250528s ||||||||||||||||||||||||d | ||
| 035 | _a18898 | ||
| 020 | _a582893712 | ||
| 040 |
_aGR-AtMCL _bgre _dGR-AtMCL _eAACR2 |
||
| 245 | 1 | _aLongman Photo Dictionary | |
| 260 |
_bLongman, _c1987 |
||
| 300 | _a93 | ||
| 520 | _aA vocabulary resource book specially written for students of English from elementary up to intermediate levels. Numbers, Time, Calendar and Festivals, Weather and Seasons, Shapes, Money and Banking, The World, The United States, The United Kingdom, Europe, Space, The City, The Supermarket, Fruit, Vegetables, The Menu, Fast Foods and Snacks, The Post Office, The Office, Occupations, The Body, Action at Home, Cosmetics and Toiletries, Action at the Gym, Actions, The Doctor, The Dentist and the Optician, The Family, Emotions, Opposites, Prepositions, Men's Wear, Women's Wear, Men's and Women's Wear, Accessories, Housing, The Garden, The Living Room, The Dining Room, The Bedroom, The Bathroom, The Kitchen, Kitchen Equipment, The Utility Room, The Nursery, The Playground, The School, Electronics, Construction, Tools, The Car, Transport, Roads and Road Signs, The Airport, Land and Water, The Beach, Water Sports, Winter Sports, Other Sports, Other Sports Cont., Entertainment, Musical Instruments, Wild Animals and Pets, The Farm, Fish and Sea Animals, Birds, Insects and Small Animals, Hobbies and Games. | ||
| 700 | 1 |
_aFreeman Daniel B _95179 |
|
| 700 | 1 |
_aRosenthal Marilyn S _95180 |
|
| 942 | _cBK | ||
| 999 |
_c4202 _d4202 |
||